Past na sňatkového podvodníka : jak přechytračit záletníka a nezamilovat se /

Humoristický román především pro ženy, jehož hrdinka vyzraje na sňatkového podvodníka s vydatnou pomocí agresivního kohouta.

Hlavní autor: Boučková, Martina, 1975-
Jazyk: Čeština
Vydáno: V Brně : CPress, 2023
Vydání: 1. vydání
Témata:
Fyzický popis: 172 stran ; 22 cm
Knihy
Uloženo v:
LEADER 02199nam a2200445 i 4500
001 nkc20233501152
003 CZ PrNK
005 20230316125332.0
007 ta
008 230215s2023 xr g 000 f cze
015 |a cnb003501152 
020 |a 978-80-264-4610-1  |q (vázáno) :  |c Kč 349,00 
035 |a (OCoLC)1375350494 
040 |a ABG001  |b cze  |e rda 
072 7 |a 821.162.3-3  |x Česká próza  |2 Konspekt  |9 25 
080 |a 821.162.3-31  |2 MRF 
080 |a (0:82-31)-055.2  |2 MRF 
080 |a (0:82-311.5)  |2 MRF 
100 1 |a Boučková, Martina,  |d 1975-  |7 jo2014823149  |4 aut 
245 1 0 |a Past na sňatkového podvodníka :  |b jak přechytračit záletníka a nezamilovat se /  |c Martina Boučková 
250 |a 1. vydání 
264 1 |a V Brně :  |b CPress,  |c 2023 
300 |a 172 stran ;  |c 22 cm 
336 |a text  |b txt  |2 rdacontent 
337 |a bez média  |b n  |2 rdamedia 
338 |a svazek  |b nc  |2 rdacarrier 
520 2 |a Humoristický román především pro ženy, jehož hrdinka vyzraje na sňatkového podvodníka s vydatnou pomocí agresivního kohouta.  |b Říká si Leon, Tomi, Andreas, David, ... Má mnoho jmen, ale ani jedno není pravé. S oblibou oslní ženu, většinou středního věku, na kterou rozehraje taktiku neodolatelného elegána. A penízky se hrnou. Avšak navzdory zkušenostem se mu poslední dobou nedaří. Když téměř zoufalý poznává Hanku, znovu v myšlenkách slyší šustění bankovek. Nicméně, zlomit sebevědomou ženu není zase tak snadný úkol. A jediné, na co se dá vždy spolehnout, jsou Murphyho zákony. Přijde si podvodníček na své, nebo dostane za vyučenou? Nakladatelská anotace. 
655 7 |a české romány  |7 fd133974  |2 czenas 
655 7 |a romány pro ženy  |7 fd187897  |2 czenas 
655 7 |a humoristické romány  |7 fd132431  |2 czenas 
655 9 |a Czech fiction  |2 eczenas 
655 9 |a women's novels  |2 eczenas 
655 9 |a humorous novels  |2 eczenas 
910 2 |a BOA001  |b 2-1503.465 
920 |a 4693465  |z ABG001 
928 9 |a Albatros Media - CPress 
990 |a BK 
995 |a 01 
991 |b 202303  |c NOV 
996 6 |b 2610933198  |c 2-1503.465  |l MZK  |r Sklad / do 1 hodiny  |n 0  |p p.v.  |w 001917198  |u 000010  |a 1  |e BOA001  |j MZK50  |s P